| 000 | 01549nam a2200361 a 4500 | ||
|---|---|---|---|
| 001 | ebr10469291 | ||
| 003 | CaPaEBR | ||
| 006 | m u | ||
| 007 | cr cn||||||||| | ||
| 008 | 090626s2010 ilu sb 001 0 eng d | ||
| 010 | _z 2009025047 | ||
| 020 | _z9780838909966 (alk. paper) | ||
| 020 | _z9780838990100 (e-book) | ||
| 040 |
_aCaPaEBR _cCaPaEBR |
||
| 035 | _a(OCoLC)732958348 | ||
| 050 | 1 | 4 |
_aZ669.7 _b.W75 2010eb |
| 082 | 0 | 4 |
_a808/.06602 _222 |
| 245 | 0 | 0 |
_aWriting and publishing _h[electronic resource] : _bthe librarian's handbook / _cedited by Carol Smallwood. |
| 260 |
_aChicago : _bAmerican Library Association, _c2010. |
||
| 300 | _axi, 199 p. | ||
| 490 | 1 | _aALA guides for the busy librarian | |
| 504 | _aIncludes bibliographical references and index. | ||
| 505 | 0 | _apt. 1. Why write? -- pt. 2. Education of a writer -- pt. 3. Finding your niche in print -- pt. 4. Finding your niche online -- pt. 5. Maximizing opportunities. | |
| 533 |
_aElectronic reproduction. _bPalo Alto, Calif. : _cebrary, _d2013. _nAvailable via World Wide Web. _nAccess may be limited to ebrary affiliated libraries. |
||
| 650 | 0 |
_aLibrary science _xAuthorship. |
|
| 650 | 0 |
_aLibrary science literature _xPublishing. |
|
| 650 | 0 | _aAuthorship. | |
| 655 | 7 |
_aElectronic books. _2local |
|
| 700 | 1 |
_aSmallwood, Carol, _d1939- |
|
| 710 | 2 | _aebrary, Inc. | |
| 830 | 0 | _aALA guides for the busy librarian. | |
| 856 | 4 | 0 |
_uhttp://site.ebrary.com/lib/rucke/Doc?id=10469291 _zAn electronic book accessible through the World Wide Web; click to view |
| 999 |
_c131689 _d131689 |
||